000 00531ntaaa2200193 4500
003 01
005 20251027202223.0
008 0714s1973 ag 01
040 _aAR-BaBN
_bspa
_cAR-BaBN
_eaacr
_dRIC
082 _a268.0000 M21
100 _aMcKibben, Frank M.
_920706
245 _aGuiding workers in christian education
250 _a1 ed.
260 _aNew York :
_bAbingdon Press,
_cc1953
300 _a160 p
500 _aHow to train and supervise teachers and leaders
650 _aeducación religiosa
_94601
942 _cBK
999 _c17063
_d17063